000 00869nam a22002175i 4500
001 13227
003 ES-MaACL
005 20250902091000.0
007 t|
008 930603s1993 sp ||||0| spa j
020 _a84-86534-47-X
040 _aM-BN
_bspa
_cM-BN
080 _a061.235(460.15 S.S.)(091)(063)
110 2 _aReal Sociedad Bascongada de los Amigos del País.
_bDelegación en Corte.
_bSemana
_n(1ª.
_d1992.
_cMadrid)
_96372
245 1 0 _aIª Semana de la Delegación en Corte de la Real Sociedad Bascongada de los Amigos del País
_b: Madrid, del 23 al 27 de noviembre de 1992.
260 _a[Madrid] :
_bBeramar,
_cD.L. 1993.
300 _a97 p :
_bil ;
_c21 cm.
610 2 4 _aReal Sociedad Bascongada de los Amigos del País-
_vHistoria-
_vCongresos y asambleas
_96368
852 _aES-MaACL
_jL-20519
_bR.121611
999 _c13227
_d13227